| 000 | 00465nam a22001697a 4500 | ||
|---|---|---|---|
| 003 | OSt | ||
| 005 | 20250716005708.0 | ||
| 008 | 250716b |||||||| |||| 00| 0 eng d | ||
| 020 | _a0451167783 | ||
| 040 |
_aDWCL -Main lib _cOC |
||
| 082 | _aFic. W721s 1947 | ||
| 100 | _aTennessee, Williams | ||
| 245 |
_a A streetcar named desire/ _cWilliams Tennessee |
||
| 260 |
_aNew York : _bSignet, _cc1947. |
||
| 300 |
_a142 pages ; _c18 cm. |
||
| 942 |
_2ddc _cFIC. _kFic. _n0 |
||
| 999 |
_c3696 _d3696 |
||